| 000 | 01861nam a22002657a 4500 | ||
|---|---|---|---|
| 003 | Uzh_bibl | ||
| 008 | 260515b |||||||| |||| 00| 0 ukr d | ||
| 020 |
_a978-617-7563-13-5 _c140.00 |
||
| 040 | _bукр. | ||
| 041 |
_2eng _aukr |
||
| 080 | _a821(410) | ||
| 090 |
_a821(410) _bД 40 |
||
| 100 | _aДжером,Клапка Джером | ||
| 245 |
_aТроє у човні,якщо не рахувати собаки _cпер.з англ.Марка Лівіна _hТекст |
||
| 260 |
_aКиїв _bКНИГОЛАВ _c2018 |
||
| 300 |
_a176 с. _fВ опр. |
||
| 490 | _aСерія "Золота полиця" | ||
| 520 | _aПовість Джерома К. Джерома про трьох нерозлучних друзів, які подорожують човном по Темзі, смішить людей уже понад 200 років. Гарріс, Джей і Джордж вирішують відпочити від міської метушні, але, як незабаром з'ясовується, не все так просто. Будь-яка дрібниця - починаючи від зборів і закінчуючи спробою відкрити бляшанку з консервами, - може стати причиною кумедних пригод. А коли в човні, крім трьох завзятих джентльменів, присутній ще й вкрай енергійний фокстер'єр, веселощі гарантовано, особливо читачам. | ||
| 521 | _aДля широкого кола читачів | ||
| 546 | _aукр. | ||
| 650 | _aЛітературно-художнє видання | ||
| 653 |
_aПодорож _aНерозлучні друзі _aКумедні пригоди |
||
| 655 |
_aФікшн _vПовість |
||
| 942 |
_2udc _cBK |
||
| 999 |
_c17778 _d17778 |
||